| 000 | 00498nam a2200181Ia 4500 | ||
|---|---|---|---|
| 003 | GCL | ||
| 008 | 140319s9999 xx 000 0 ara d | ||
| 040 |
_aGCL / _cGCL |
||
| 082 | 0 | 4 |
_aد _b050 |
| 100 | 1 | _aبنت الشاطى | |
| 245 | 1 | 0 |
_aالقران و التفسير العصرى (اقرا 335) / _cبنت الشاطى |
| 300 | _a175 | ||
| 490 |
_aاقرأ _v0 |
||
| 650 | 0 | 4 | _aالقران - تفسير |
| 650 | 0 | 4 | _aالقران |
| 650 | 0 | 4 | _aالقران - تفاسير |
| 942 |
_2ddc _cBK |
||
| 999 |
_c48558 _d48558 |
||